Music Quiz

Random Music or Song Quiz

David Bowie Songs by Any Word Quiz Stats

 Plays Quiz Updated Mar 22, 2018

Challenge
Share
Tweet
Embed
Score 0/283 Timer 20:00
15 Plays Today
David Bowie Song % Correct
I Took a Trip on a Gemini Spaceship
96.9%
The Width of a Circle
96.8%
(Segue) – Ramona A. Stone/I Am with Name
96.7%
Scream Like a Baby
96.6%
Word on a Wing
96.3%
Sue (Or in a Season of Crime)
96.3%
Sell Me a Coat
96.2%
A New Career in a New Town
96.2%
'Tis a Pity She Was a Wh*re
96.1%
(You Will) Set the World On Fire
96.1%
Memory of a Free Festival
96.1%
There Is a Happy Land
96%
A Small Plot of Land
96%
The Last Thing You Should Do
96%
(Segue) – Baby Grace (A Horrid Cassette)
95.9%
Bleed Like a Craze, Dad
95.9%
A Better Future
95.8%
The Prettiest Star
95.4%
The Pretty Things Are Going to Hell
95.2%
I Wish You Would
95%
The Man Who Sold the World
95%
The Secret Life of Arabia
94.9%
What in the World
94.8%
I Have Not Been to Oxford Town
94.8%
Bring Me the Disco King
94.7%
As the World Falls Down
94.7%
The Voyeur of Utter Destruction (as Beauty)
94.6%
We Are the Dead
94.6%
I Would Be Your Slave
94.5%
Always Crashing in the Same Car
94.5%
Sex and the Church
94.4%
Beauty and the Beast
94.4%
Dancing with the Big Boys
94.3%
When I Live My Dream
94.3%
Something in the Air
94.2%
Let's Spend the Night Together
94.1%
Where Have All the Good Times Gone
94.1%
All the Young Dudes
94%
5:15 The Angels Have Gone
94%
The Jean Genie
94%
The Stars (Are Out Tonight)
93.9%
Wild Is the Wind
93.9%
Chant of the Ever Circling Skeletal Family
93.8%
Fall Dog Bombs the Moon
93.8%
Sons of the Silent Age
93.6%
I Can't Give Everything Away
93.6%
The Next Day
93.6%
I Can't Explain
93.5%
Battle for Britain (The Letter)
93.5%
I Feel Free
93.5%
She'll Drive the Big Car
93.5%
I Know It's Gonna Happen Someday
93.4%
I Keep Forgetting
93.4%
All the Madmen
93.3%
Here Comes the Night
93.2%
Up the Hill Backwards
93.2%
How Does the Grass Grow
93%
The Laughing Gnome
93%
The Wedding Song
92.9%
If You Can See Me
92.6%
Loving the Alien
92.6%
Across the Universe
92.5%
Dancing Out in Space
92.5%
Joe the Lion
92.5%
Heathen (The Rays)
92.5%
The Bewlay Brothers
92.5%
Don't Let Me Down & Down
92.5%
The Hearts Filthy Lesson
92.5%
The Loneliest Guy
92.4%
The Wedding
92.4%
Join the Gang
92.4%
The Motel
92.4%
The Dreamers
92.4%
The Mysteries
92.4%
The Supermen
92.4%
Can You Hear Me?
92%
You Feel So Lonely You Could Die
91.2%
Love You till Tuesday
91.1%
Rock 'n' Roll with Me
91%
We Prick You
90.8%
Shining Star (Makin' My Love)
90.6%
New York's in Love
90.2%
I've Been Waiting for You
90%
Hang On to Yourself
88.5%
Oh! You Pretty Things
88.2%
Never Let Me Down
87.4%
Without You
87.4%
Within You
87.3%
Boss of Me
86.2%
Life on Mars?
85.2%
She Shook Me Cold
85.2%
Girl Loves Me
85.1%
Love Is Lost
85.1%
An Occasional Dream
84.8%
Come and Buy My Toys
84.7%
David Bowie Song % Correct
If I'm Dreaming My Life
84.4%
Day-In Day-Out
84.3%
Seven Years in Tibet
84%
Friday on My Mind
83.8%
Somebody Up There Likes Me
83.8%
Where Are We Now?
83.5%
Don't Bring Me Down
83%
Be My Wife
82.2%
Rock 'n' Roll Suicide
81.8%
Look Back in Anger
81.3%
Ashes to Ashes
81.1%
Strangers When We Meet
80.8%
We Are Hungry Men
80.1%
Drive-In Saturday
80%
It's No Game (No. 1)
79.8%
Station to Station
79.6%
Panic in Detroit
79.4%
Letter to Hermione
79.3%
This Is Not America
79.2%
Beat of Your Drum
78.9%
Speed of Life
78.7%
I'm Afraid of Americans
78.6%
Law (Earthlings on Fire)
78.5%
It's No Game (No. 2)
77.9%
Untitled No. 1
77.7%
'87 and Cry
77.3%
Move On
77.2%
Scary Monsters (And Super Creeps)
76.6%
Modern Love
76.3%
Sound and Vision
76.2%
Soul Love
76.2%
I'd Rather Be High
76.2%
Blackstar
75.4%
New Angels of Promise
75.4%
New Killer Star
75.2%
Space Oddity
74.7%
Unwashed and Somewhat Slightly Dazed
74.5%
Tumble and Twirl
74.5%
Maid of Bond Street
71.4%
Watch That Man
70.6%
Dead Against It
69.5%
Shapes of Things
69.5%
Let's Dance
69.2%
Blackout
68.5%
Buddha of Suburbia
68.5%
Sense of Doubt
68.2%
John, I'm Only Dancing
68%
Dead Man Walking
67.8%
Song for Bob Dylan
67.8%
Star
67%
Black Country Rock
66.9%
China Girl
66.9%
Wild Eyed Boy from Freecloud
66.6%
It Ain't Easy
65.9%
No Control
65.7%
Shake It
65.3%
Don't Look Down
64.8%
Looking for Water
63.4%
Silly Boy Blue
63.1%
Fill Your Heart
62.7%
Looking for Lester
62.1%
Looking for Satellites
62.1%
God Knows I'm Good
61.9%
Don't Sit Down
61.6%
Because You're Young
61.6%
Cat People (Putting Out Fire)
61.2%
Magic Dance
60.8%
After All
58.7%
Black Tie White Noise
58.1%
Ziggy Stardust
57.3%
Five Years
54.7%
Blue Jean
54%
Jump They Say
53.6%
Valentine's Day
53%
Time Will Crawl
52.2%
Never Get Old
52.1%
I'm Deranged
51.5%
Young Americans
51.1%
Everyone Says 'Hi'
50.1%
V-2 Schneider
49.9%
Chilly Down
49.3%
'Heroes'
47.8%
Try Some, Buy Some
44.8%
Under Pressure
44.5%
God Only Knows
40.9%
Aladdin Sane (1913-1938-197?)
40.7%
Time
40.6%
Leon Takes Us Outside
40.6%
Criminal World
40.5%
Eight Line Poem
40.3%
Too Dizzy
39.5%
Lady Stardust
39.4%
Lady Grinning Soul
38.6%
African Night Flight
38.4%
Red Money
38%
David Bowie Song % Correct
Fame
37.5%
See Emily Play
37.2%
Seven
37.2%
Nite Flights
37.1%
Changes
37.1%
Red Sails
37%
Golden Years
36.8%
You've Been Around
35.2%
Diamond Dogs
34.2%
1984
34.2%
Big Brother
33.6%
Boys Keep Swinging
33.4%
Kingdom Come
32.8%
Suffragette City
32.6%
Sweet Thing (Reprise)
31.5%
Sweet Thing
31.5%
Queen Bitch
31.5%
Rebel Rebel
30.7%
Starman
29.9%
Win
29.7%
Dirty Boys
29.3%
Little Wonder
26.6%
She's Got Medals
26.5%
Thru' These Architects' Eyes
26.2%
Little Bombardier
25.3%
Fashion
23.7%
TVC 15
23.5%
Glass Spider
23.1%
Dollar Days
22.9%
Lazarus
21.9%
Days
21.2%
Moonage Daydream
20.8%
Please Mr. Gravedigger
20.4%
Right
19.8%
Andy Warhol
17.9%
Hallo Spaceboy
17.6%
Thursday's Child
16.9%
Stay
16.8%
Kooks
16.3%
Absolute Beginners
16.2%
Slip Away
15.5%
Breaking Glass
15%
Running Gun Blues
15%
Tonight
14.8%
Heat
14.7%
Ian Fish, U.K. Heir
14.6%
Sunday
14.5%
Outside
14.2%
Afraid
13.9%
What's Really Happening?
13.9%
(Segue) – Nathan Adler
13.4%
(Segue) – Algeria Touchshriek
13.2%
Sorrow
12.8%
DJ
12.7%
Future Legend
12.6%
Cracked Actor
12.4%
Art Decade
12.3%
Quicksand
12%
Slow Burn
11.8%
Warszawa
11.7%
Anyway, Anyhow, Anywhere
9.9%
Candidate
9.8%
Moss Garden
9.6%
Fascination
9.5%
Weeping Wall
9.5%
Cactus
9.4%
Reality
9.3%
Teenage Wildlife
9.1%
Cygnet Committee
9%
Rubber Band
8.9%
Fantastic Voyage
8.8%
Yassassin
8.8%
Underground
8.7%
Neuköln
8.5%
Janine
8.1%
Zeroes
7.9%
Saviour Machine
7.7%
Pablo Picasso
7.6%
Ricochet
7.6%
Telling Lies
7.3%
Uncle Arthur
7.3%
Bang Bang
7.1%
Everything's Alright
7.1%
Subterraneans
7.1%
Rosalyn
6.7%
Survive
6.5%
Repetition
6%
Pallas Athena
6%
South Horizon
5.5%
Miracle Goodnight
5.5%
Brilliant Adventure
4.8%
Neighborhood Threat
4.4%
Wishful Beginnings
4%

You're not logged in!

Compare scores with friends on all Sporcle quizzes.
Join for Free
OR
Log In

You Might Also Like...

Show Comments

Extras

Top Quizzes Today


Score Distribution

Your Account Isn't Verified!

In order to create a playlist on Sporcle, you need to verify the email address you used during registration. Go to your Sporcle Settings to finish the process.

Report this User

Report this user for behavior that violates our Community Guidelines.

Details: